<?xml version="1.0" encoding="UTF-8"?><?xml-stylesheet type="text/xsl" href="static/style.xsl"?><OAI-PMH xmlns="http://www.openarchives.org/OAI/2.0/" xmlns:xsi="http://www.w3.org/2001/XMLSchema-instance" xsi:schemaLocation="http://www.openarchives.org/OAI/2.0/ http://www.openarchives.org/OAI/2.0/OAI-PMH.xsd"><responseDate>2026-06-05T21:45:43Z</responseDate><request verb="GetRecord" identifier="oai:riuma.uma.es:10630/37268" metadataPrefix="marc">https://riuma.uma.es/rest/oai/request</request><GetRecord><record><header><identifier>oai:riuma.uma.es:10630/37268</identifier><datestamp>2026-02-03T11:09:51Z</datestamp><setSpec>com_10630_2254</setSpec><setSpec>col_10630_37953</setSpec></header><metadata><record xmlns="http://www.loc.gov/MARC21/slim" xmlns:dcterms="http://purl.org/dc/terms/" xmlns:doc="http://www.lyncode.com/xoai" xmlns:xsi="http://www.w3.org/2001/XMLSchema-instance" xsi:schemaLocation="http://www.loc.gov/MARC21/slim http://www.loc.gov/standards/marcxml/schema/MARC21slim.xsd">
   <leader>00925njm 22002777a 4500</leader>
   <datafield ind2=" " ind1=" " tag="042">
      <subfield code="a">dc</subfield>
   </datafield>
   <datafield ind2=" " ind1=" " tag="720">
      <subfield code="a">Sánchez-Sevilla, José Federico</subfield>
      <subfield code="e">author</subfield>
   </datafield>
   <datafield ind2=" " ind1=" " tag="720">
      <subfield code="a">Hovath, Aniko</subfield>
      <subfield code="e">author</subfield>
   </datafield>
   <datafield ind2=" " ind1=" " tag="720">
      <subfield code="a">Botella-Mesa, Miguel Ángel</subfield>
      <subfield code="e">author</subfield>
   </datafield>
   <datafield ind2=" " ind1=" " tag="720">
      <subfield code="a">Gaston, Amèlia</subfield>
      <subfield code="e">author</subfield>
   </datafield>
   <datafield ind2=" " ind1=" " tag="720">
      <subfield code="a">Folta, Kevin</subfield>
      <subfield code="e">author</subfield>
   </datafield>
   <datafield ind2=" " ind1=" " tag="720">
      <subfield code="a">Kilian, Andrzej</subfield>
      <subfield code="e">author</subfield>
   </datafield>
   <datafield ind2=" " ind1=" " tag="720">
      <subfield code="a">Denoyes, Beatrice</subfield>
      <subfield code="e">author</subfield>
   </datafield>
   <datafield ind2=" " ind1=" " tag="720">
      <subfield code="a">Amaya, Iraida</subfield>
      <subfield code="e">author</subfield>
   </datafield>
   <datafield ind2=" " ind1=" " tag="260">
      <subfield code="c">2015-12-16</subfield>
   </datafield>
   <datafield ind2=" " ind1=" " tag="520">
      <subfield code="a">Cultivated strawberry (Fragaria × ananassa) is a genetically complex allo-octoploid crop with&#xd;
28 pairs of chromosomes (2n = 8x = 56) for which a genome sequence is not yet available.&#xd;
The diploid Fragaria vesca is considered the donor species of one of the octoploid subgenomes&#xd;
and its available genome sequence can be used as a reference for genomic studies.&#xd;
A wide number of strawberry cultivars are stored in ex situ germplasm collections worldwide&#xd;
but a number of previous studies have addressed the genetic diversity present within a&#xd;
limited number of these collections. Here, we report the development and application of two&#xd;
platforms based on the implementation of Diversity Array Technology (DArT) markers for&#xd;
high-throughput genotyping in strawberry. The first DArT microarray was used to evaluate&#xd;
the genetic diversity of 62 strawberry cultivars that represent a wide range of variation&#xd;
based on phenotype, geographical and temporal origin and pedigrees. A total of 603 DArT&#xd;
markers were used to evaluate the diversity and structure of the population and their cluster&#xd;
analyses revealed that these markers were highly efficient in classifying the accessions in&#xd;
groups based on historical, geographical and pedigree-based cues. The second DArTseq&#xd;
platform took benefit of the complexity reduction method optimized for strawberry and the&#xd;
development of next generation sequencing technologies. The strawberry DArTseq was&#xd;
used to generate a total of 9,386 SNP markers in the previously developed ‘232’ × ‘1392’&#xd;
mapping population, of which, 4,242 high quality markers were further selected to saturate&#xd;
this map after several filtering steps. The high-throughput platforms here developed for genotyping&#xd;
strawberry will facilitate genome-wide characterizations of large accessions sets&#xd;
and complement other available options.</subfield>
   </datafield>
   <datafield ind1="8" ind2=" " tag="024">
      <subfield code="a">Sánchez-Sevilla JF, Horvath A, Botella MA, Gaston A, Folta K, Kilian A, et al. (2015) Diversity Arrays Technology (DArT) Marker Platforms for Diversity Analysis and Linkage Mapping in a Complex Crop, the Octoploid Cultivated Strawberry (Fragaria × ananassa). PLoS ONE 10(12): e0144960. https://doi.org/10.1371/journal.pone.0144960</subfield>
   </datafield>
   <datafield ind1="8" ind2=" " tag="024">
      <subfield code="a">https://hdl.handle.net/10630/37268</subfield>
   </datafield>
   <datafield ind1="8" ind2=" " tag="024">
      <subfield code="a">10.1371/journal.pone.0144960</subfield>
   </datafield>
   <datafield tag="653" ind2=" " ind1=" ">
      <subfield code="a">Fresas - Aspectos moleculares</subfield>
   </datafield>
   <datafield ind2="0" ind1="0" tag="245">
      <subfield code="a">Diversity Arrays Technology (DArT) marker platforms for diversity analysis and linkage mapping in a complex crop, the octoploid cultivated strawberry (Fragaria × ananassa)</subfield>
   </datafield>
</record>
</metadata></record></GetRecord></OAI-PMH>